[Event "FRA-ch U16 Girls"]
[White "Aflalo, Sophie"]
[Black "Seelen, Amandine"]
[Site "Troyes"]
[Round "9"]
[Result "1-0"]
[Date "2010.04.18"]
[WhiteElo "2041"]
[BlackElo "1664"]
[PlyCount "123"]
[EventDate "2010.04.11"]
[EventType "swiss"]
[EventRounds "9"]
[EventCountry "FRA"]
[SourceTitle "EXT 2012"]
[Source "ChessBase"]
[SourceDate "2011.11.24"]
[SourceVersion "1"]
[SourceVersionDate "2011.11.24"]
[SourceQuality "1"]

1. e4 e6 2. Qe2 c5 3. g3 Nc6 4. c3 g6 5. Bg2 Bg7 6. Nf3 Nge7 7. d3 d5 8. 0-0 0-0 9. h4 b6 10. h5 h6 11. Nh2 f5 12. f4 d4 13. c4 Bb7 14. Nd2 Qe8 15. Nhf3 e5 16. exf5 Nxf5 17. Ne4 gxh5 18. Bh3 Nce7 19. Kh2 Qg6 20. Rg1 Ne3 21. Bxe3 Bxe4 22. Nh4 Qh7 23. dxe4 Qxe4 24. Bg2 Qxe3 25. Qxe3 dxe3 26. Bxa8 Rxa8 27. Rae1 exf4 28. gxf4 Rf8 29. Rxe3 Rxf4 30. Rxe7 Rxh4+ 31. Kg3 Rg4+ 32. Kh2 Rh4+ 33. Kg2 Bxb2 34. Kf3+ Kf8 35. Re4 Rh3+ 36. Rg3 Rh2 37. Rg2 Rh3+ 38. Rg3 Rh2 39. Re2 Rxe2 40. Kxe2 Kf7 41. Kf3 h4 42. Rg4 Bf6 43. Ke4 Bg5 44. Kf5 Ke7 45. Rg1 Kf7 46. Rd1 Ke7 47. a4 Bf6 48. Re1+ Kf7 49. Rg1 Bg5 50. Rf1 Ke7 51. Ke5 Bd2 52. Kd5 Kd7 53. Rf7+ Ke8 54. Rf2 Bg5 55. Kc6 Ke7 56. Kb7 Kd6 57. Kxa7 Kc7 58. Rf1 Be3 59. Rf7+ Kd8 60. Rf3 Bg5 61. Kxb6 Be7 62. Kb7 1-0

[Event "FRA-ch U16 Girls"]
[White "Afraoui, Solenn"]
[Black "Seelen, Amandine"]
[Site "Troyes"]
[Round "6"]
[Result "1-0"]
[Date "2010.04.15"]
[WhiteElo "1851"]
[BlackElo "1664"]
[PlyCount "125"]
[EventDate "2010.04.11"]
[EventType "swiss"]
[EventRounds "9"]
[EventCountry "FRA"]
[SourceTitle "EXT 2012"]
[Source "ChessBase"]
[SourceDate "2011.11.24"]
[SourceVersion "1"]
[SourceVersionDate "2011.11.24"]
[SourceQuality "1"]

1. Nf3 d5 2. g3 Nf6 3. Bg2 e6 4. d4 Be7 5. 0-0 0-0 6. c4 dxc4 7. Qc2 c5 8. Qxc4 cxd4 9. Nxd4 e5 10. Nb5 a6 11. Nc7 b5 12. Nxb5 axb5 13. Qxb5 Bd7 14. Qxe5 Ra5 15. Qf4 Qc8 16. Nc3 Bh3 17. Rd1 Bxg2 18. Kxg2 Rf5 19. Qa4 Bc5 20. Rf1 Qb7+ 21. f3 Nc6 22. Qb5 Qc7 23. e4 Rh5 24. h3 Bf2 25. Bf4 Qd7 26. Qe2 Bb6 27. g4 Ra5 28. Rfd1 Qa7 29. Rd6 Nd4 30. Qc4 Bc7 31. Rxd4 Bxf4 32. b4 Ra3 33. Nb5 Qa4 34. Nxa3 Be5 35. Nc2 Bxd4 36. Nxd4 Rb8 37. a3 Nd7 38. Qc6 Qa7 39. Qc3 Ne5 40. f4 Ng6 41. Kg3 Rd8 42. Nf5 f6 43. Qb3+ Kh8 44. Rc1 Qb8 45. Qe3 Nxf4 46. Kf2 Nd3+ 47. Kf3 Nxc1 48. Qxc1 Rd3+ 49. Ne3 h6 50. h4 Qa7 51. Qc8+ Kh7 52. Qc5 Qxc5 53. bxc5 Rxa3 54. Kf4 Rc3 55. Nd5 Rxc5 56. Kf5 Kg8 57. Kg6 Rc4 58. Kf5 Kf7 59. Kf4 Ke6 60. Ne3 g6 61. Nxc4 g5+ 62. hxg5 hxg5+ 63. Ke3 1-0

[Event "FRA-ch U16 Girls"]
[White "Seelen, Amandine"]
[Black "Neuhauser, Salome"]
[Site "Troyes"]
[Round "3"]
[Result "0-1"]
[Date "2010.04.12"]
[WhiteElo "1664"]
[BlackElo "2014"]
[PlyCount "34"]
[EventDate "2010.04.11"]
[EventType "swiss"]
[EventRounds "9"]
[EventCountry "FRA"]
[SourceTitle "EXT 2012"]
[Source "ChessBase"]
[SourceDate "2011.11.24"]
[SourceVersion "1"]
[SourceVersionDate "2011.11.24"]
[SourceQuality "1"]

1. d4 Nf6 2. c4 e6 3. Nc3 Bb4 4. Qc2 Nc6 5. Nf3 d6 6. a3 Bxc3+ 7. Qxc3 Qe7 8. e3 0-0 9. Bd3 e5 10. Bc2 Bg4 11. 0-0 Bxf3 12. gxf3 Nh5 13. d5 Nb8 14. Kh1 Qh4 15. c5 Na6 16. b4 Qh3 17. Bd1 Qxf1# 0-1

[Event "FRA-ch U14 Girls"]
[White "Eid, Maha"]
[Black "Seelen, Amandine"]
[Site "La Roche sur Yon"]
[Round "9"]
[Result "1-0"]
[Date "2008.04.27"]
[WhiteElo "1942"]
[BlackElo "1500"]
[PlyCount "41"]
[EventDate "2008.04.21"]
[EventType "swiss"]
[EventRounds "9"]
[EventCountry "FRA"]
[SourceTitle "EXT 2010"]
[Source "ChessBase"]
[SourceDate "2010.11.25"]
[SourceVersion "1"]
[SourceVersionDate "2010.11.25"]
[SourceQuality "1"]

1. d4 d5 2. Nf3 Nf6 3. e3 e6 4. Bd3 c5 5. b3 Nc6 6. a3 Qb6 7. Bb2 Bd6 8. Nbd2 Bd7 9. 0-0 0-0 10. dxc5 Bxc5 11. e4 Ng4 12. Qe2 Nd4 13. Nxd4 Bxd4 14. Bxd4 Qxd4 15. Qxg4 f5 16. Qd1 fxe4 17. Be2 e3 18. Nf3 exf2+ 19. Rxf2 Qc5 20. b4 Qb6 21. c4 1-0